Statistiques concernant Villes des Pays de la Loire A-Z

Cliquez ici pour prendre le quiz!

Statistiques générales

  • Ce quiz a été pris 201 fois
  • Le résultat moyen est 8 sur 21

Statistiques - réponses

VilleDépartementPopulation% Correct
AAngersMaine-et-Loire151 000
96%
NNantesLoire-Atlantique309 000
94%
LLe MansSarthe144 000
88%
SSaint-NazaireLoire-Atlantique69 000
78%
CCholetMaine-et-Loire54 000
74%
RRezéLoire-Atlantique39 000
65%
OOrvaultLoire-Atlantique25 000
46%
FFontenay-le-ComteVendée17 000
43%
VVertouLoire-Atlantiques23 000
38%
PPornicLoire-Atlantique15 000
36%
GGuérandeLoire-Atlantique16 000
32%
MMontaigu-VendéeVendée20 000
29%
BBeaupréau-en-MaugesMaine-et-Loire23 000
25%
TTrélazéMaine-et-Loire14 000
18%
DDoué-en-AnjouMaine-et-Loire11 000
16%
IIndreLoire-Atlantique4 000
14%
EEssarts-en-BocageVendée9 000
9%
HHerbignacLoire-Atlantique6 000
8%
QQuillyLoire-Atlantique1 000
7%
YYvré-L'ÉvêqueSarthe4 000
7%
JJarzé VillagesMaine-et-Loire3 000
4%

Distribution des résultats

Percentile par nombre de réponses

% des personnes avec chaque résultat

Votre développement - résultats

Vous n’avez pas pris ce quiz